National rubber conference 1984. Cochin (Record no. 43557)

MARC details
000 -LEADER
fixed length control field 00423nam a2200145Ia 4500
082 ## - DEWEY DECIMAL CLASSIFICATION NUMBER
Classification number NR:063RG`1984'
Item number NAT
245 #0 - TITLE STATEMENT
Title National rubber conference 1984. Cochin
260 ## - PUBLICATION, DISTRIBUTION, ETC. (IMPRINT)
Place of publication Cochin
Name of publisher Indian Rubber Growers Association
Year of publication 1984
650 ## - SUBJECT ADDED ENTRY--TOPICAL TERM
Topical Term Carbonblack
650 ## - SUBJECT ADDED ENTRY--TOPICAL TERM
Topical Term Indian rubber scene
650 ## - SUBJECT ADDED ENTRY--TOPICAL TERM
Topical Term Plantation labour
650 ## - SUBJECT ADDED ENTRY--TOPICAL TERM
Topical Term Tripura rubber plantation
942 ## - ADDED ENTRY ELEMENTS (KOHA)
Koha item type Books
Holdings
Withdrawn status Lost status Damaged status Not for loan Home library Current library Date acquired Source of acquisition Full call number Accession Number Koha item type
        RRII Library RRII Library 16/12/2021 Gift NR:063RG`1984' NAT G00309 Books